000 00370nam a2200145 i 4500
001 80309
003 ES-MaACL
005 20230906174202.0
007 t|
008 041027s1968 sp ||||1| spa d
245 0 0 _aHidroeléctrica Moncabril.
260 _a[Madrid :
_bs.n.,
_c1968]
300 _a27 h., 7 lám. :
_bil. ;
_c27 cm.
852 _aES-MaACL
_jC-36370
_bR.65697
999 _c80309
_d80309